| 000 | 01127nam a22003617a 4500 | ||
|---|---|---|---|
| 003 | CHAP | ||
| 005 | 20220817043700.0 | ||
| 008 | 000613d1999 it rn 00110 spa d | ||
| 010 | _a81520 | ||
| 011 | _a82492 | ||
| 020 | _a9253041234 | ||
| 035 | _a92989 | ||
| 040 | _cCHAP | ||
| 082 | 0 | 4 |
_a634.9 _bF3Y v.135 |
| 110 | 2 | _aFAO | |
| 245 | 1 | 0 |
_aDirectrices para la ordenación de los bosques tropicales : _b1 producción de madera _c/ por Ian Armitage |
| 260 |
_aRoma : _bFAO, _c1999 |
||
| 300 |
_a330 p. : _bilus. |
||
| 490 | 0 |
_aFAO. Montes _v; 135 |
|
| 590 |
_aBATCH-UPD _b10 _c20130110 _lUCH01 _h0849 |
||
| 590 |
_aBATCH-UPD _b10 _c20130410 _lUCH01 _h0521 |
||
| 590 |
_aBATCH-UPD _b10 _c20130914 _lUCH01 _h0703 |
||
| 590 |
_aCONVERSION _b10 _c20130109 _lUCH01 _h1345 |
||
| 650 | 1 | 4 |
_aBosques _xAdministración. _914003 |
| 650 | 1 | 4 |
_aBosques _xTrópicos. _914401 |
| 650 | 1 | 4 |
_aMadera. _969594 |
| 700 | 0 |
_aArmitage, Ian. _97214 |
|
| 830 | 0 |
_aFAO. Montes _v; 135 _939632 |
|
| 901 | _aBK | ||
| 905 | _aPatricia Mendoza P. | ||
| 942 | _cLIBRO | ||
| 949 |
_a634.9 F3Y v.135 _bBC _cFAO _d33724000772018 _eFAO1 _h97558 _i92989 _kDonaciØn _sb |
||
| 999 |
_c81520 _d81520 |
||